| 000 | 00477nam a2200205Ia 4500 | ||
|---|---|---|---|
| 005 | 20251020182546.0 | ||
| 008 | 200515s9999 xx 000 0 und d | ||
| 082 | _a747:728.71/G84/5 | ||
| 110 | _aEdiciones Océano | ||
| 245 | 0 | _aLa decoración y su arte : Salones | |
| 260 | _aMéxico, D.F. | ||
| 260 | _c1992 | ||
| 300 | _a79 | ||
| 500 | _a1 ejemplar | ||
| 650 | _aDECORACION | ||
| 650 | _aDISEÑO DE INTERIORES | ||
| 650 | _aLIB | ||
| 650 | _aSALAS | ||
| 942 | _cLIB | ||
| 999 |
_c2554 _d2554 |
||